Leksičeskij aspekt obučeniya russkomu jazyku kak inostrannomu

Článok pojednáva o možnostiach rozvoja reči zahraničných študentov pri štúdiu slovnej zásoby ruského jazyka. Poukazuje sa na to, že zvládnutie zručnosti používania ruských slov u zahraničných študentov bude efektívne, ak sa bude dôsledne dodržiavať textovo orientovaný princíp výučby cudzojazyčných l...

Celý popis

Uložené v:
Podrobná bibliografia
Hlavný autor: Vazanova, Marina, 1976-
Médium: Kapitola
Jazyk:Russian
Predmet:
Tagy: Pridať tag
Žiadne tagy, Buďte prvý, kto otaguje tento záznam!

MARC

LEADER 00000naa$a2200000$$$4500
001 0287361
005 20240502083917.6
041 0 |a rus 
044 |a RU 
245 1 0 |a Leksičeskij aspekt obučeniya russkomu jazyku kak inostrannomu  |c Marina Vazanova 
520 |a Článok pojednáva o možnostiach rozvoja reči zahraničných študentov pri štúdiu slovnej zásoby ruského jazyka. Poukazuje sa na to, že zvládnutie zručnosti používania ruských slov u zahraničných študentov bude efektívne, ak sa bude dôsledne dodržiavať textovo orientovaný princíp výučby cudzojazyčných lexikálnych kategórií, založený na komponentnej analýze významu slov. 
610 2 0 |a jazyky cudzie 
610 2 0 |a ruština 
610 2 0 |a študenti 
610 2 0 |a komunikácia 
100 1 |a Vazanova, Marina, 1976-